| 000 | 01373nam a22003737a 4500 | ||
|---|---|---|---|
| 003 | CHAP | ||
| 005 | 20220817044106.0 | ||
| 008 | 060331d2005 mx r 00110 spa d | ||
| 010 | _a91971 | ||
| 011 | _a92943 | ||
| 035 | _a103510 | ||
| 040 | _cCHAP | ||
| 090 | _aTesis | ||
| 100 | 1 |
_aGallardo Sarmiento, Martha Gabriela. _944369 |
|
| 245 | 1 | 0 |
_aOrganización y participación política en una comunidad totonaca en el proceso electoral del 2004, Ixtepec, Puebla _c/por Martha Gabriela Gallardo Sarmiento |
| 260 |
_aMéxico, D. F. : _bEl autor, _c2005. |
||
| 300 | _a169 h. | ||
| 502 | _aTesis (Lic. en Antropología Social) - - Escuela Nacional de Antropología e Historia | ||
| 590 |
_aALEPH _b10 _c20130110 _lUCH01 _h1510 |
||
| 590 |
_aBATCH-UPD _b10 _c20130110 _lUCH01 _h0516 |
||
| 590 |
_aBATCH-UPD _b10 _c20130110 _lUCH01 _h2254 |
||
| 590 |
_aBATCH-UPD _b10 _c20130410 _lUCH01 _h0154 |
||
| 590 |
_aBATCH-UPD _b10 _c20130410 _lUCH01 _h1631 |
||
| 590 |
_aBATCH-UPD _b10 _c20130914 _lUCH01 _h1453 |
||
| 590 |
_aCONVERSION _b10 _c20130109 _lUCH01 _h1351 |
||
| 650 | 1 | 4 |
_aIndios de México _xPolítica y gobierno. |
| 650 | 1 | 4 |
_aPuebla _xCondiciones sociales. _992872 |
| 650 | 1 | 4 |
_aPuebla _xPolítica y gobierno. _992882 |
| 650 | 1 | 4 |
_aTotonacas. _9114360 |
| 901 | _aBK | ||
| 905 | _aLilia | ||
| 942 | _cTESIS | ||
| 949 |
_aTesis _bBC _cTES _d33724000983623 _eTS1 _h44963 _i103510 _sb |
||
| 999 |
_c91971 _d91971 |
||